Statistics for Modern-Day Countries of the Kalmar Union on a Map

Click here to take the quiz!

General Stats

  • This quiz has been taken 2,728 times
  • The average score is 8 of 8

Answers on the Map

Answers color-coded by a green-red scale on the quiz's map according to % correct below.
 

Answer Stats

Countries% Correct
Denmark
100%
Finland
100%
Iceland
100%
Norway
100%
Sweden
100%
Germany
99%
Russia
99%
United Kingdom
98%

Score Distribution

Percentile by Number Answered

Percent of People with Each Score

Your Score History

You have not taken this quiz